Eastern Utah Libraries Catalog: Duchesne, Heber, Roosevelt, & Vernal

The titans / (Record no. 227696)

MARC details
000 -LEADER
fixed length control field 01505nam a2200325 a 4500
001 - CONTROL NUMBER
control field 900150487
003 - CONTROL NUMBER IDENTIFIER
control field UNKNOWN
005 - DATE AND TIME OF LATEST TRANSACTION
control field 20171107124853.0
008 - FIXED-LENGTH DATA ELEMENTS--GENERAL INFORMATION
fixed length control field 050209s2004 nyua 000 1 eng d
020 ## - INTERNATIONAL STANDARD BOOK NUMBER
International Standard Book Number 0451213475
Qualifying information paperback
Terms of availability $7.99
040 ## - CATALOGING SOURCE
Original cataloging agency TnLvILS
Language of cataloging eng
Transcribing agency TnLvILS
Description conventions rda
043 ## - GEOGRAPHIC AREA CODE
Geographic area code n-us---
050 #4 - LIBRARY OF CONGRESS CALL NUMBER
Classification number PS3560.A37
Item number T5 2004
082 04 - DEWEY DECIMAL CLASSIFICATION NUMBER
Classification number 813/.54
Edition number 22
092 ## - LOCALLY ASSIGNED DEWEY CALL NUMBER (OCLC)
Classification number paperback
100 1# - MAIN ENTRY--PERSONAL NAME
Personal name Jakes, John,
Dates associated with a name 1932-
9 (RLIN) 11723
245 14 - TITLE STATEMENT
Title The titans /
Statement of responsibility, etc John Jakes.
264 #1 - Production, Publication, Distribution, Manufacture, and Copyright Notice.
Place of production, publication, distribution, manufacture New York :
Name of producer, publisher, distributor, manufacturer Signet,
Date of production, publication, distribution, manufacture, or copyr 2004.
300 ## - PHYSICAL DESCRIPTION
Extent xiii, 537 pages :
Other physical details illustrations ;
Dimensions 18 cm.
336 ## - Content Type
Content type term text
337 ## - Media type
Media type term unmediated
338 ## - Carrier type
Carrier type term volume
490 1# - SERIES STATEMENT
Series statement Kent family chronicles ;
Volume number/sequential designation v. 5.
500 ## - GENERAL NOTE
General note "With a new introduction by the author."
650 #0 - SUBJECT ADDED ENTRY--TOPICAL TERM
Topical term or geographic name as entry element Kent family (Fictitious characters)
Form subdivision Fiction.
9 (RLIN) 5735824
651 #0 - SUBJECT ADDED ENTRY--GEOGRAPHIC NAME
Geographic name United States
Form subdivision Fiction.
9 (RLIN) 5724572
655 #7 - INDEX TERM--GENRE/FORM
Genre/form data or focus term Epic fiction.
Source of term lcgft
9 (RLIN) 102681
655 #7 - INDEX TERM--GENRE/FORM
Genre/form data or focus term Historical fiction.
Source of term lcgft
9 (RLIN) 102701
655 #7 - INDEX TERM--GENRE/FORM
Genre/form data or focus term Fiction.
Source of term lcgft
9 (RLIN) 5673940
800 1# - SERIES ADDED ENTRY--PERSONAL NAME
Personal name Jakes, John,
Dates associated with a name 1932-
Title of a work Kent family chronicles ;
Volume/sequential designation v. 5.
9 (RLIN) 77597
907 ## - LOCAL DATA ELEMENT G, LDG (RLIN)
a .b265919319
942 ## - ADDED ENTRY ELEMENTS (KOHA)
Source of classification or shelving scheme Dewey Decimal Classification
Koha item type BOOK
Holdings
Withdrawn status Lost status Source of classification or shelving scheme Damaged status Not for loan Collection code Home library Current library Shelving location Date acquired Source of acquisition Serial Enumeration / chronology Total Checkouts Total Renewals Full call number Barcode Date last seen Date checked out Cost, replacement price Price effective from Koha item type
    Dewey Decimal Classification     Fiction Wasatch County Library Wasatch County Library First Floor 12/16/2022 Amazon #5 Kent Family Chronicles 1 1 F Jakes 34301001852062 02/16/2024 12/19/2022 9.99 12/16/2022 BOOK
This project was made possible through a grant from the Institute of Museum and Library Service administered by the Utah State Library Division.

Wasatch County Library

  • 465 East 1200 South, Heber City, Utah 84032
  • Phone 435-654-1511 | Fax 435-654-6456

Hours

  • Monday - Friday 9:30 AM - 8:00 PM
  • Saturday 9:30 AM - 1:30 PM
  • Closed Sundays and Holidays